| 000 | 00412nam a22001217a 4500 | ||
|---|---|---|---|
| 008 | 230403b |||||||| |||| 00| 0 eng d | ||
| 040 |
_aNational Science Library _cNational Science Library |
||
| 080 |
_a061.3.001.1 _bJ7 |
||
| 245 |
_aPlanning of international meetings _c/ Blackwell Scientific Publications |
||
| 260 |
_aOxford: _bBlackwell Scientific Publications, _c1957 |
||
| 300 | _a113p. | ||
| 942 |
_2udc _cHDK |
||
| 999 |
_c18057 _d18057 |
||